|
|
|
|
| LEADER |
01217nam a2200277 a 4500 |
| 001 |
12774 |
| 003 |
BD-DhAAL |
| 008 |
090505s1997 sz a b i001 0 eng d |
| 999 |
|
|
|c 400
|d 400
|
| 040 |
|
|
|a BD-DhAAL
|
| 082 |
0 |
0 |
|a 614.542
|2 21
|
| 100 |
1 |
0 |
|a Harries, A.D.
|9 41903
|
| 245 |
1 |
0 |
|a TB :
|b a clinical manual for south east Asia /
|c Anthony Harries, Dermot Maher and Mukund Uplekar
|
| 260 |
|
|
|a Geneva :
|b World Health Organization,
|c 1997
|
| 300 |
|
|
|a 145 pages :
|b illustrations ;
|c 18 cm.
|
| 500 |
|
|
|a The first version of this manual was published by WHO in 1996 as "TB/HIV : a clinical manual"
|
| 541 |
1 |
|
|e 12774
|
| 650 |
2 |
|
|a Tuberculosis
|x prevention & control
|9 41904
|
| 650 |
2 |
|
|a Acquired Immunodeficiency Syndrome
|x complications
|9 41905
|
| 650 |
2 |
|
|a AIDS-Related Opportunistic Infections
|x prevention & control
|9 41906
|
| 700 |
1 |
0 |
|a Maher, Dermot
|9 41907
|
| 700 |
1 |
0 |
|a Uplekar, Mukund
|9 41908
|
| 710 |
2 |
0 |
|a World Health Organization
|9 41909
|
| 852 |
4 |
|
|a Ayesha Abed Library
|c General Stacks
|
| 942 |
|
|
|2 ddc
|c BK
|
| 952 |
|
|
|0 0
|1 0
|2 ddc
|4 0
|6 614_542000000000000_HAR
|7 0
|9 361
|a BRACUL
|b BRACUL
|c GEN
|d 2009-05-05
|g 0.00
|l 0
|o 614.542 HAR
|p 3010012774
|r 2009-05-05
|t 1
|w 2009-05-05
|y BK
|x No price found in the accession register.
|